[Event "XXXI C.to Italiano femminile"]
[Site "Bratto - Castione della Presolana ITA"]
[Date "2004.08.22"]
[Round "3"]
[White "Tiozzo Netti, Valeria"]
[Black "Mosca, Giulia"]
[Result "1/2-1/2"]
[WhiteElo "1643"]
[BlackElo "1527"]
[PlyCount "44"]
[EventDate "2004.08.20"]

1. e4 c6 2. d4 d5 3. Nc3 dxe4 4. Nxe4 Nd7 5. Nf3 Ngf6 6. Ng3 e6 7. Bd3 c5 8.
O-O cxd4 9. Nxd4 Bc5 10. c3 O-O 11. Qe2 b6 12. Ne4 Bb7 13. Bg5 Be7 14. Nxf6+
Nxf6 15. Rad1 Qc7 16. Bxf6 Bxf6 17. Be4 Bxe4 18. Qxe4 Rad8 19. Qc6 Qe7 20. Qe4
Bxd4 21. Rxd4 Rxd4 22. Qxd4 Rd8 1/2-1/2

[Event "XXXI C.to Italiano femminile"]
[Site "Bratto - Castione della Presolana ITA"]
[Date "2004.08.22"]
[Round "3"]
[White "Tonel, Giulia"]
[Black "Reginato, Sabrina"]
[Result "1-0"]
[WhiteElo "1670"]
[BlackElo "1553"]
[PlyCount "83"]
[EventDate "2004.08.20"]

1. e4 c5 2. Nc3 d6 3. g3 Nf6 4. Bg2 a6 5. d3 e5 6. f4 exf4 7. Bxf4 Be7 8. Nf3
Nc6 9. O-O O-O 10. Qd2 Be6 11. Rae1 Rc8 12. Kh1 Re8 13. Ng5 Bd7 14. Bh3 Bxh3
15. Nxh3 Qd7 16. Qg2 Nd4 17. Ng5 Ne6 18. Nxe6 Qxe6 19. Re2 Qd7 20. Ref2 Qc6 21.
h3 Rf8 22. Bg5 h6 23. Bxf6 Bxf6 24. Nd5 Bd8 25. Rf4 Qe8 26. h4 Qe5 27. Qf3 f6
28. c3 Qe6 29. Kg2 Qe8 30. Qg4 h5 31. Qxc8 Qf7 32. Qh3 Qg6 33. Qe6+ Kh8 34.
Qxd6 Qf7 35. g4 hxg4 36. Rxg4 Re8 37. Qg3 Rf8 38. h5 Qd7 39. h6 gxh6 40. Rg6
Rf7 41. Rg8+ Kh7 42. Qg6# 1-0

[Event "XXXI C.to Italiano femminile"]
[Site "Bratto - Castione della Presolana ITA"]
[Date "2004.08.22"]
[Round "3"]
[White "Varagnolo, Silvia"]
[Black "Banki, Brigitta"]
[Result "0-1"]
[WhiteElo "1610"]
[BlackElo "1789"]
[PlyCount "53"]
[EventDate "2004.08.20"]

1. e4 e5 2. Nf3 Nc6 3. Bb5 a6 4. Ba4 Bc5 5. O-O b5 6. Bb3 d6 7. h3 Na5 8. c3
Nxb3 9. Qxb3 Be6 10. Qc2 Ne7 11. d4 exd4 12. cxd4 Bb6 13. d5 Bd7 14. Nc3 O-O
15. Re1 f6 16. Bf4 Ng6 17. Bh2 Ne5 18. Nxe5 fxe5 19. Bg3 Qg5 20. h4 Qxg3 21.
Re2 Bh3 22. Kf1 Qxg2+ 23. Ke1 Bg4 24. f3 Qxf3 25. Kd2 Qf4+ 26. Kd1 Bxe2+ 27.
Qxe2 0-1

[Event "XXXI C.to Italiano femminile"]
[Site "Bratto - Castione della Presolana ITA"]
[Date "2004.08.23"]
[Round "4"]
[White "Ambrosi, Eleonora"]
[Black "Bianchini, Aurora"]
[Result "1-0"]
[WhiteElo "2118"]
[BlackElo "1775"]
[PlyCount "117"]
[EventDate "2004.08.20"]

1. d4 Nf6 2. Nf3 e6 3. c4 c5 4. Nc3 cxd4 5. Nxd4 Bb4 6. Ndb5 O-O 7. Bg5 Na6 8.
a3 Be7 9. g3 Nc7 10. Nd6 Bxd6 11. Qxd6 Nce8 12. Qd4 Qa5 13. h4 e5 14. Qd3 h6
15. Be3 d6 16. Bg2 a6 17. b4 Qc7 18. Na4 Be6 19. Rc1 Ng4 20. Bb6 Qd7 21. Nc3
Rc8 22. Nd5 Ngf6 23. O-O Nxd5 24. cxd5 Rxc1 25. Rxc1 Bh3 26. Rc3 Bxg2 27. Kxg2
f5 28. Qc2 Qf7 29. Qd2 Qg6 30. f4 exf4 31. Qxf4 Qf7 32. Rd3 Qe7 33. Re3 Qf7 34.
Re6 Qd7 35. Qe3 Qb5 36. Qd4 Qd7 37. Qd3 Rf6 38. Qe3 Rxe6 39. dxe6 Qc6+ 40. Kg1
Qe4 41. Qxe4 fxe4 42. Kf2 Nf6 43. Bc7 Ne8 44. Bd8 Kf8 45. Ke3 d5 46. Kd4 Nd6
47. Kxd5 Nb5 48. Kxe4 Nxa3 49. Bb6 Nb5 50. Bc5+ Kg8 51. Kf5 Nc7 52. Bd6 Nb5 53.
Be5 g5 54. hxg5 hxg5 55. Kxg5 Kf8 56. Kf6 Na7 57. Bd6+ Ke8 58. g4 Nc8 59. Ke5
1-0

[Event "XXXI C.to Italiano femminile"]
[Site "Bratto - Castione della Presolana ITA"]
[Date "2004.08.23"]
[Round "4"]
[White "Banki, Brigitta"]
[Black "Cassinera, Chiara"]
[Result "1-0"]
[WhiteElo "1789"]
[BlackElo "1619"]
[PlyCount "85"]
[EventDate "2004.08.20"]

1. e4 c5 2. Nf3 d6 3. c3 g6 4. Bc4 Nf6 5. d3 Bg7 6. e5 dxe5 7. Nxe5 e6 8. Be3
Qc7 9. Bb5+ Bd7 10. Bxd7+ Nbxd7 11. Nxd7 Nxd7 12. O-O O-O 13. Nd2 Rad8 14. Nf3
b6 15. Qe2 Ne5 16. Nxe5 Bxe5 17. f4 Bg7 18. Rf3 Rfe8 19. Rd1 Rd7 20. Bf2 Bh6
21. f5 Qc6 22. Rh3 Bg7 23. fxg6 hxg6 24. Qg4 Rd5 25. Be3 c4 26. d4 Bf6 27. Rf1
e5 28. Bg5 Bg7 29. Qh4 f5 30. g4 exd4 31. gxf5 Rxf5 32. Qh7+ Kf7 33. Rxf5+ gxf5
34. Qxf5+ Kg8 35. Qh7+ Kf7 36. Qh5+ Kg8 37. Qh7+ Kf7 38. Kf2 dxc3 39. Rf3+ Ke6
40. Qxg7 cxb2 41. Qxb2 Kd7 42. Qg7+ Kc8 43. Qxa7 1-0

[Event "XXXI C.to Italiano femminile"]
[Site "Bratto - Castione della Presolana ITA"]
[Date "2004.08.23"]
[Round "4"]
[White "Borsato, Chiara"]
[Black "Di Blasi, Erica"]
[Result "0-1"]
[WhiteElo "1658"]
[BlackElo "1580"]
[PlyCount "120"]
[EventDate "2004.08.20"]

1. e4 e5 2. Nf3 Nc6 3. Bb5 d6 4. h3 Bd7 5. Nc3 Nf6 6. d3 Be7 7. Bg5 h6 8. Bh4
a6 9. Bxc6 Bxc6 10. O-O Rc8 11. Re1 O-O 12. Ne2 Bd7 13. Bxf6 Bxf6 14. Ng3 Be7
15. c3 Kh8 16. d4 exd4 17. Nxd4 Be6 18. Ndf5 Qd7 19. a3 Rg8 20. Rc1 Rcf8 21.
Qd2 Kh7 22. b4 Qd8 23. Nxe7 Qxe7 24. Nf5 Qd7 25. Qd3 d5 26. g4 g6 27. Nd4 c6
28. Nxe6 fxe6 29. exd5 exd5 30. Re5 Qf7 31. Rf1 Qf3 32. Re7+ Rg7 33. Rxg7+ Kxg7
34. Qxf3 Rxf3 35. Re1 Kf6 36. Re3 Rxe3 37. fxe3 Ke5 38. Kf2 Ke4 39. Ke2 b6 40.
a4 g5 41. Kd2 Kf3 42. Kd3 Kg3 43. c4 Kxh3 44. cxd5 cxd5 45. Kd4 Kxg4 46. Kxd5
h5 47. Kc6 h4 48. Kxb6 h3 49. Kxa6 h2 50. b5 h1=Q 51. b6 Qa8+ 52. Kb5 Kf5 53.
a5 Ke5 54. a6 Kd6 55. b7 Qa7 56. e4 g4 57. e5+ Kxe5 58. Kc6 Qxa6+ 59. Kc7 Qxb7+
60. Kxb7 g3 0-1

[Event "XXXI C.to Italiano femminile"]
[Site "Bratto - Castione della Presolana ITA"]
[Date "2004.08.23"]
[Round "4"]
[White "Borsato, Laura"]
[Black "Costariol, Elena"]
[Result "1/2-1/2"]
[WhiteElo "1580"]
[BlackElo "1554"]
[PlyCount "126"]
[EventDate "2004.08.20"]

1. e4 c5 2. Nf3 d6 3. Bc4 Nc6 4. d3 a6 5. a3 b5 6. Ba2 Nf6 7. h3 e6 8. Bg5 Be7
9. O-O h6 10. Bxf6 Bxf6 11. c3 Bb7 12. Qc2 a5 13. Rd1 Qb6 14. b3 O-O 15. g4 g6
16. h4 Bg7 17. g5 h5 18. Qd2 e5 19. c4 b4 20. a4 Bc8 21. Rf1 Bg4 22. Qe3 Qa7
23. Nh2 Be6 24. Nd2 Nd4 25. Rac1 Qd7 26. Ndf3 Kh8 27. Nxd4 exd4 28. Qg3 Be5 29.
f4 Bg7 30. Rf2 f5 31. Bb1 Rad8 32. Re1 Rfe8 33. Rfe2 Kg8 34. Bc2 Kh8 35. Qg2
Kg8 36. exf5 Bxf5 37. Rxe8+ Rxe8 38. Rxe8+ Qxe8 39. Qd5+ Qe6 40. Qxe6+ Bxe6 41.
Kf2 d5 42. Nf3 dxc4 43. dxc4 Kf7 44. Bd3 Bf5 45. Ne1 Ke6 46. Bxf5+ Kxf5 47. Kf3
Bf8 48. Nd3 Bd6 49. Ke2 Ke6 50. Kf1 Kf5 51. Kf2 Be7 52. Ne5 Bd6 53. Nc6 Bxf4
54. Ne7+ Ke6 55. Nxg6 Bd6 56. Kf3 Kf7 57. Nf4 Bxf4 58. Kxf4 Ke6 59. Ke4 Kd6 60.
Kd3 Ke5 61. Kd2 Ke6 62. Kd3 Kd6 63. Kd2 Ke6 1/2-1/2

[Event "XXXI C.to Italiano femminile"]
[Site "Bratto - Castione della Presolana ITA"]
[Date "2004.08.23"]
[Round "4"]
[White "Brunello, Marina"]
[Black "Matta, Francesca"]
[Result "0-1"]
[WhiteElo "1571"]
[BlackElo "1772"]
[PlyCount "54"]
[EventDate "2004.08.20"]

1. e4 e5 2. Nf3 Nc6 3. d4 exd4 4. Nxd4 Bc5 5. Be3 Qf6 6. c3 Nge7 7. Bc4 O-O 8.
O-O Bb6 9. f4 d6 10. Qd3 Bd7 11. Nd2 Ng6 12. N2b3 Rae8 13. Rae1 Qe7 14. Bd5 Kh8
15. Nxc6 bxc6 16. Bc4 Qxe4 17. Qxe4 Rxe4 18. Bxb6 Rxe1 19. Rxe1 cxb6 20. g3 Kg8
21. Nd4 d5 22. Bb3 Re8 23. Rd1 Ne7 24. Nf3 Bg4 25. Rf1 f6 26. Kg2 Nf5 27. h3
Ne3+ 0-1

[Event "XXXI C.to Italiano femminile"]
[Site "Bratto - Castione della Presolana ITA"]
[Date "2004.08.23"]
[Round "4"]
[White "Castellano, Fulvia"]
[Black "Pili, Erika"]
[Result "1-0"]
[WhiteElo "1772"]
[BlackElo "1853"]
[PlyCount "63"]
[EventDate "2004.08.20"]

1. e4 e5 2. Nf3 Nc6 3. d4 exd4 4. Nxd4 Bc5 5. Be3 Qf6 6. c3 d6 7. Be2 Bd7 8.
O-O Nge7 9. b4 Bb6 10. a4 a6 11. Na3 Ng6 12. Nac2 Nh4 13. Kh1 Qe7 14. a5 Bxd4
15. Nxd4 Qxe4 16. Nf3 Nf5 17. Bd3 Nxe3 18. Qe2 Qe7 19. fxe3 O-O-O 20. Bxa6 Rhe8
21. Qb5 bxa6 22. Qxa6+ Kb8 23. b5 Bc8 24. Qxc6 Bb7 25. Qc4 d5 26. Qb3 Qxe3 27.
Nd4 Kc8 28. b6 c5 29. a6 Bxa6 30. Rxa6 cxd4 31. b7+ Kb8 32. Qb6 1-0

[Event "XXXI C.to Italiano femminile"]
[Site "Bratto - Castione della Presolana ITA"]
[Date "2004.08.23"]
[Round "4"]
[White "Chierici, Marianna"]
[Black "Brunello, Roberta"]
[Result "0-1"]
[WhiteElo "1646"]
[BlackElo "1790"]
[PlyCount "78"]
[EventDate "2004.08.20"]

1. e4 e5 2. Nf3 Nc6 3. Bc4 Bc5 4. d3 Nf6 5. c3 O-O 6. Bg5 a6 7. Nbd2 Ba7 8. O-O
d6 9. Bb3 h6 10. Bh4 g5 11. Bg3 Kh8 12. Rc1 Nh7 13. a3 h5 14. h3 h4 15. Bh2 g4
16. hxg4 Bxg4 17. Qe1 Qf6 18. Bd1 Rg8 19. Kh1 Qh6 20. Be2 Ng5 21. Nxg5 Qxg5 22.
Rg1 Raf8 23. Nf3 Qh5 24. d4 h3 25. Qd1 hxg2+ 26. Rxg2 Bh3 27. Rg3 Qh6 28. Rc2
Rxg3 29. fxg3 f5 30. exf5 Rxf5 31. Qd2 Qf8 32. Ng1 Bf1 33. Bxf1 Rxf1 34. dxe5
Nxe5 35. Qg2 Qf5 36. Re2 Nd3 37. Qxb7 Rxg1+ 38. Bxg1 Qh3+ 39. Rh2 Nf2+ 0-1

[Event "XXXI C.to Italiano femminile"]
[Site "Bratto - Castione della Presolana ITA"]
[Date "2004.08.23"]
[Round "4"]
[White "Clappa, Ilaria"]
[Black "Tonel, Giulia"]
[Result "0-1"]
[WhiteElo "1850"]
[BlackElo "1670"]
[PlyCount "74"]
[EventDate "2004.08.20"]

1. e4 e5 2. Nf3 Nc6 3. d4 exd4 4. c3 d3 5. Bxd3 d6 6. O-O Nf6 7. Qc2 Be7 8. Re1
Ng4 9. Bf4 Nge5 10. Be2 O-O 11. Nbd2 Bf6 12. Rad1 g6 13. Nd4 Bg7 14. Bg3 f5 15.
Nxc6 Nxc6 16. Qb3+ Kh8 17. exf5 Rxf5 18. Bd3 Rf8 19. h3 b6 20. Be4 Bb7 21. Qc2
Qd7 22. Nc4 Rae8 23. Re2 Ba6 24. Bxd6 cxd6 25. Rxd6 Qf7 26. Bd5 Rxe2 27. Qxe2
Bxc4 28. Bxc4 Qc7 29. Qe6 Na5 30. Bd5 Qc5 31. Bf3 Nc4 32. Rd5 Qc8 33. Rd7 Re8
34. Qd5 Ne5 35. Rxa7 Nxf3+ 36. Qxf3 Re1+ 37. Kh2 Qb8+ 0-1

[Event "XXXI C.to Italiano femminile"]
[Site "Bratto - Castione della Presolana ITA"]
[Date "2004.08.23"]
[Round "4"]
[White "De Rosa, Mariagrazia"]
[Black "Santurbano, Maria Vincenza"]
[Result "1/2-1/2"]
[WhiteElo "2124"]
[BlackElo "1822"]
[PlyCount "58"]
[EventDate "2004.08.20"]

1. e4 e5 2. Nf3 Nc6 3. Bb5 a6 4. Ba4 Nf6 5. O-O Be7 6. Re1 b5 7. Bb3 d6 8. c3
O-O 9. h3 Na5 10. Bc2 c5 11. d4 Qc7 12. Nbd2 cxd4 13. cxd4 Nc6 14. d5 Nb4 15.
Bb1 a5 16. Nf1 Bd7 17. N3h2 Rfc8 18. Ne3 g6 19. Bd2 Na6 20. Nhg4 Nxg4 21. hxg4
Qd8 22. g3 Nc5 23. Kg2 Bg5 24. Rh1 Qe7 25. f3 b4 26. Qg1 Kg7 27. Qh2 Rh8 28.
Kg1 h5 29. gxh5 Rxh5 1/2-1/2

[Event "XXXI C.to Italiano femminile"]
[Site "Bratto - Castione della Presolana ITA"]
[Date "2004.08.23"]
[Round "4"]
[White "Di Cerbo, Giulia"]
[Black "Sautto, Alessandra"]
[Result "1/2-1/2"]
[WhiteElo "1670"]
[BlackElo "1978"]
[PlyCount "119"]
[EventDate "2004.08.20"]

1. d4 d5 2. Nf3 Nf6 3. e3 g6 4. Be2 Bg7 5. c3 Nbd7 6. Nbd2 c5 7. O-O O-O 8. Qc2
Qc7 9. Re1 e6 10. e4 cxd4 11. Nxd4 Nxe4 12. Nb5 Qc6 13. Nxe4 dxe4 14. Bf1 a6
15. Na3 f5 16. Be3 b5 17. Rad1 f4 18. Bc1 Bb7 19. Qd2 Rad8 20. Qd6 Be5 21. Qxc6
Bxc6 22. Nc2 Nb6 23. g3 f3 24. Bh3 Kf7 25. Bg5 Bf6 26. Nd4 Rxd4 27. Rxd4 Bxd4
28. cxd4 Bd5 29. b3 Rc8 30. Rc1 Rxc1+ 31. Bxc1 Nc8 32. Bf1 Ne7 33. Ba3 g5 34.
Bc1 h6 35. a4 Bxb3 36. axb5 axb5 37. Bxb5 Nf5 38. Bb2 Ke7 39. Bc6 Bd5 40. Ba4
e3 41. fxe3 Nxe3 42. h3 g4 43. Bc1 Nf5 44. hxg4 Nxg3 45. Bxh6 Ne2+ 46. Kf2 Nxd4
47. Be3 Nc6 48. Bd1 Ne5 49. Bd4 Nxg4+ 50. Kg3 Nh6 51. Bc5+ Kf6 52. Bxf3 Bxf3
53. Kxf3 Ke5 54. Bf8 Nf5 55. Ba3 Nd4+ 56. Kf2 Ke4 57. Bd6 Nb5 58. Bh2 Nc3 59.
Bb8 Kf5 60. Kf3 1/2-1/2

[Event "XXXI C.to Italiano femminile"]
[Site "Bratto - Castione della Presolana ITA"]
[Date "2004.08.23"]
[Round "4"]
[White "Francalancia, Mariachiara"]
[Black "Rigo, Caterina"]
[Result "0-1"]
[WhiteElo "1528"]
[BlackElo "1649"]
[PlyCount "144"]
[EventDate "2004.08.20"]

1. d4 d6 2. c4 Nf6 3. Nc3 g6 4. Bf4 Bg7 5. e3 O-O 6. Bd3 Nbd7 7. Nf3 Re8 8. O-O
e5 9. dxe5 dxe5 10. Bg5 h6 11. Bxf6 Nxf6 12. Bc2 Qe7 13. Qe2 e4 14. Nd4 Bg4 15.
Qe1 a6 16. h3 Bd7 17. Qe2 c6 18. Rfd1 Qe5 19. Rd2 Bf8 20. a3 Bd6 21. g3 Bxh3
22. Qe1 Qh5 23. Bd1 Bg4 24. Qf1 Nh7 25. Qg2 Ng5 26. Qh1 Nh3+ 27. Kf1 Qg5 28.
Bxg4 Qxg4 29. Kg2 Ng5 30. Qxh6 c5 31. Rh1 Be5 32. Nb3 Bg7 33. Qh4 Qf3+ 34. Kf1
Rad8 35. Rxd8 Rxd8 36. Qxg5 Qxh1+ 37. Ke2 Qf3+ 38. Kf1 Rd6 39. Nd5 Qd1+ 40. Kg2
Qxb3 41. Qe7 Rxd5 42. cxd5 Qxd5 43. Qe8+ Kh7 44. Qe7 Bxb2 45. Qh4+ Qh5 46. Qxe4
Qf5 47. Qxb7 Bxa3 48. Qxa6 Qd5+ 49. Kg1 Bb4 50. Qf6 c4 51. Qh4+ Kg7 52. Kf1 Bd6
53. Ke2 Qd3+ 54. Kf3 c3 55. Qa4 Be5 56. Qb3 Qd2 57. Kg4 Bf6 58. f4 c2 59. Qa2
c1=Q 60. Qxd2 Qxd2 61. Kf3 Qe1 62. Ke4 Qxg3 63. Kd3 g5 64. fxg5 Bxg5 65. Kd4
Qxe3+ 66. Kd5 Kf6 67. Kc4 Ke5 68. Kb5 Kd5 69. Kb4 Qd2+ 70. Ka4 Qb2 71. Ka5 Kc5
72. Ka4 Qb4# 0-1

[Event "XXXI C.to Italiano femminile"]
[Site "Bratto - Castione della Presolana ITA"]
[Date "2004.08.23"]
[Round "4"]
[White "Goi, Veronika"]
[Black "Panella, Fiammetta"]
[Result "1-0"]
[WhiteElo "1823"]
[BlackElo "1954"]
[PlyCount "75"]
[EventDate "2004.08.20"]

1. d4 d5 2. c4 e6 3. Nf3 Nf6 4. Bg5 Be7 5. Nc3 O-O 6. e3 h6 7. Bf4 a6 8. c5
Nbd7 9. Bd3 Nh5 10. Be5 f6 11. Bg3 Nxg3 12. fxg3 f5 13. O-O Qe8 14. b4 g5 15.
b5 Qh5 16. Qb3 Nf6 17. Ne5 Nd7 18. Nxd5 Bd8 19. Nxd7 Bxd7 20. Nc3 Bf6 21. c6
bxc6 22. bxc6 Bc8 23. Bxf5 Qf7 24. Bd3 Qe8 25. Ne4 Bg7 26. Rxf8+ Qxf8 27. Rf1
Qe7 28. Bc4 Kh8 29. Qd3 a5 30. d5 e5 31. d6 cxd6 32. Rf7 Qe8 33. Qxd6 Ba6 34.
Qg6 Qg8 35. Nf6 Bxc4 36. Nxg8 Bxf7 37. Qxf7 Rxg8 38. Qxg8+ 1-0

[Event "XXXI C.to Italiano femminile"]
[Site "Bratto - Castione della Presolana ITA"]
[Date "2004.08.23"]
[Round "4"]
[White "Lomakina, Nadya"]
[Black "Mosca, Giulia"]
[Result "1-0"]
[WhiteElo "1751"]
[BlackElo "1527"]
[PlyCount "47"]
[EventDate "2004.08.20"]

1. d4 d5 2. Nf3 Nf6 3. c3 g6 4. Bg5 Bg7 5. Nbd2 Nbd7 6. e3 c5 7. Bd3 b6 8. O-O
Bb7 9. Re1 Ne4 10. Bf4 O-O 11. Qc2 Ndf6 12. dxc5 Nxc5 13. Bf1 Nfe4 14. Nxe4
Nxe4 15. Rad1 Qc8 16. Rc1 Re8 17. c4 Nc5 18. b4 Ne6 19. Be5 f6 20. Bg3 Nf8 21.
cxd5 Bxd5 22. e4 Bb7 23. Qb3+ Qe6 24. Bc4 1-0

[Event "XXXI C.to Italiano femminile"]
[Site "Bratto - Castione della Presolana ITA"]
[Date "2004.08.23"]
[Round "4"]
[White "Messina, Roberta"]
[Black "Pica, Livia"]
[Result "1/2-1/2"]
[WhiteElo "1673"]
[BlackElo "1520"]
[PlyCount "124"]
[EventDate "2004.08.20"]

1. e4 e5 2. Nf3 Nc6 3. d4 exd4 4. Nxd4 d6 5. Bc4 Nf6 6. Nc3 Be7 7. O-O O-O 8.
Re1 Ne5 9. Be2 Bg4 10. h3 Bxe2 11. Qxe2 h6 12. Nf5 a6 13. Bf4 Nc6 14. Nd5 Re8
15. Nfxe7+ Nxe7 16. Nxf6+ gxf6 17. Bxh6 Ng6 18. Qg4 Re5 19. f4 Rb5 20. f5 Kh7
21. a4 Re5 22. Bd2 Ne7 23. Qh4+ Kg8 24. Bh6 Qd7 25. Qg4+ Ng6 26. fxg6 Qxg4 27.
hxg4 fxg6 28. Kf2 g5 29. Kf3 Rae8 30. Re3 Kf7 31. Rh1 Rh8 32. Kf2 Kg6 33. Reh3
Rxe4 34. b3 Rxg4 35. Kf3 Rf4+ 36. Ke2 Re8+ 37. Kd2 Rf2+ 38. Kc3 Rfe2 39. Bxg5
fxg5 40. Rh6+ Kf5 41. g4+ Kxg4 42. Rg1+ Kf5 43. Rf1+ Kg4 44. Rg1+ Kf3 45. Rf6+
Ke3 46. Rxg5 Rf2 47. Rxf2 Kxf2 48. Rg7 Rc8 49. Rf7+ Ke3 50. Re7+ Kf4 51. Rf7+
Ke5 52. Re7+ Kf6 53. Rh7 b5 54. Kb4 bxa4 55. bxa4 c5+ 56. Kc4 Ke6 57. Rh6+ Ke5
58. Rh5+ Ke6 59. Rh6+ Ke7 60. Rh7+ Kd8 61. Rh8+ Kc7 62. Rh7+ Kb8 1/2-1/2

[Event "XXXI C.to Italiano femminile"]
[Site "Bratto - Castione della Presolana ITA"]
[Date "2004.08.23"]
[Round "4"]
[White "Negri, Ornella Cecilia"]
[Black "Tiozzo Netti, Valeria"]
[Result "0-1"]
[WhiteElo "1600"]
[BlackElo "1643"]
[PlyCount "56"]
[EventDate "2004.08.20"]

1. e4 e5 2. Nf3 Nf6 3. Nc3 Bb4 4. Nd5 Nxd5 5. exd5 d6 6. h3 O-O 7. Be2 Nd7 8.
O-O f5 9. d4 e4 10. Ng5 Nf6 11. Ne6 Bxe6 12. dxe6 d5 13. c4 c6 14. Bg5 Be7 15.
f3 Qd6 16. Bh4 e3 17. Qd3 Qxe6 18. b3 Bd6 19. Be1 Nh5 20. g4 Nf4 21. Qc2 Nxh3+
22. Kg2 Nf4+ 23. Kg1 Qh6 24. Bd1 Rae8 25. Be2 Qh3 26. Bd3 Nxd3 27. Qg2 Qxg2+
28. Kxg2 fxg4 0-1

[Event "XXXI C.to Italiano femminile"]
[Site "Bratto - Castione della Presolana ITA"]
[Date "2004.08.23"]
[Round "4"]
[White "Reginato, Sabrina"]
[Black "Scharrer, Isabel"]
[Result "1-0"]
[WhiteElo "1553"]
[BlackElo "1613"]
[PlyCount "125"]
[EventDate "2004.08.20"]

1. e4 c5 2. Nf3 d6 3. d4 cxd4 4. Nxd4 g6 5. Nc3 Bg7 6. Be3 Nf6 7. Be2 O-O 8. f4
Nc6 9. Bf3 Ne8 10. Qd2 f5 11. Nxc6 bxc6 12. exf5 Bxf5 13. Bxc6 Rb8 14. Bd5+ Kh8
15. Bb3 Qd7 16. h3 Qb7 17. O-O-O a5 18. Bd4 Bd7 19. Bxg7+ Nxg7 20. a4 Rfc8 21.
Rhe1 Bxa4 22. Qd5 Bxb3 23. Qxb7 Rxb7 24. cxb3 Rxb3 25. Rxe7 Rcb8 26. Rd2 Rf8
27. Ra7 Rb4 28. Rxd6 Ne8 29. Rd8 Rb6 30. Re7 Rd6 31. Rdxe8 Rdf6 32. Rxf8+ Rxf8
33. g3 Ra8 34. Re4 Kg7 35. Ra4 h5 36. b4 Ra6 37. Rxa5 Re6 38. Re5 Rc6 39. Kb2
Rb6 40. b5 Kf6 41. Rc5 Ke6 42. Rc6+ Rxc6 43. bxc6 Kd6 44. Ne4+ Kxc6 45. Kc3 Kd5
46. Kd3 Ke6 47. Kd4 Kf5 48. Ke3 Ke6 49. Kf3 Kf5 50. g4+ hxg4+ 51. hxg4+ Ke6 52.
Kg3 Kd5 53. Nf2 Ke6 54. Kh4 Kf6 55. Ne4+ Kf7 56. Kg5 Kg7 57. f5 gxf5 58. gxf5
Kf7 59. f6 Kf8 60. Kg6 Kg8 61. f7+ Kf8 62. Nf2 Ke7 63. Kg7 1-0

[Event "XXXI C.to Italiano femminile"]
[Site "Bratto - Castione della Presolana ITA"]
[Date "2004.08.23"]
[Round "4"]
[White "Rombaldoni, Sharon"]
[Black "Varagnolo, Silvia"]
[Result "0-1"]
[WhiteElo "1440"]
[BlackElo "1610"]
[PlyCount "114"]
[EventDate "2004.08.20"]

1. e4 c6 2. Nc3 d5 3. exd5 cxd5 4. d4 Nc6 5. Bb5 Nf6 6. Nf3 Bd7 7. O-O g6 8.
Bg5 Bg7 9. Bxf6 Bxf6 10. Nxd5 Bg7 11. Re1 e6 12. Qd2 O-O 13. Nb4 Nxb4 14. Qxb4
Qb6 15. a4 a6 16. Ne5 Bxe5 17. dxe5 axb5 18. axb5 Qxb5 19. Qxb5 Bxb5 20. Rxa8
Rxa8 21. Rc1 Ra2 22. b3 Bc6 23. h3 Be4 24. c4 Rb2 25. Re1 Rb1 26. Rxb1 Bxb1 27.
b4 b6 28. c5 bxc5 29. bxc5 Be4 30. f3 Bd5 31. Kf2 Kf8 32. Ke3 Ke7 33. g4 h6 34.
h4 f6 35. f4 fxe5 36. fxe5 g5 37. hxg5 hxg5 38. Kd4 Kd7 39. Kc3 Kc6 40. Kb4 Bf3
41. Kc3 Bxg4 42. Kd3 Kxc5 43. Ke4 Bf5+ 44. Kf3 Kd5 45. Kg3 Kxe5 46. Kf3 Kd4 47.
Kf2 e5 48. Kf3 e4+ 49. Kf2 Kd3 50. Ke1 e3 51. Kd1 e2+ 52. Ke1 Bd7 53. Kf2 Kd2
54. Kf3 e1=Q 55. Kg2 Ke3 56. Kh2 Qf2+ 57. Kh1 Bc6# 0-1

[Event "XXXI C.to Italiano femminile"]
[Site "Bratto - Castione della Presolana ITA"]
[Date "2004.08.24"]
[Round "5"]
[White "Banki, Brigitta"]
[Black "Ambrosi, Eleonora"]
[Result "0-1"]
[WhiteElo "1789"]
[BlackElo "2118"]
[PlyCount "85"]
[EventDate "2004.08.20"]

1. e4 c5 2. Nf3 Nc6 3. c3 d5 4. exd5 Qxd5 5. Be2 e5 6. d3 Bf5 7. O-O O-O-O 8.
c4 Qd7 9. Qb3 Bxd3 10. Rd1 e4 11. Bxd3 exf3 12. Qc2 Nb4 13. Bf5 Nxc2 14. Rxd7
Rxd7 15. Bxc2 g6 16. gxf3 Bh6 17. Be3 Re7 18. Bxc5 Re1+ 19. Kg2 Bg7 20. a3 Re2
21. Be4 Rxb2 22. Kf1 f5 23. Bd3 b6 24. Bd6 Bd4 25. a4 Rxf2+ 26. Ke1 Rxf3 27.
Ra3 Re3+ 28. Kd2 Re6 29. Bf4 Nf6 30. Nc3 Bxc3+ 31. Kxc3 Ne4+ 32. Kb4 Nc5 33.
Bc2 Rd8 34. a5 Kb7 35. axb6 axb6 36. Bg5 Rd7 37. Ba4 Nxa4 38. Rxa4 Re4 39. Kc3
f4 40. Rb4 f3 41. Rb1 f2 42. Rf1 Rf7 43. Kd3 0-1

[Event "XXXI C.to Italiano femminile"]
[Site "Bratto - Castione della Presolana ITA"]
[Date "2004.08.24"]
[Round "5"]
[White "Bianchini, Aurora"]
[Black "Reginato, Sabrina"]
[Result "1-0"]
[WhiteElo "1775"]
[BlackElo "1553"]
[PlyCount "100"]
[EventDate "2004.08.20"]

1. d4 d5 2. c4 e6 3. Nc3 Nf6 4. Bg5 Nbd7 5. e3 Be7 6. Nf3 O-O 7. Bd3 b6 8. O-O
Bb7 9. Rc1 c5 10. Re1 Re8 11. h3 Rc8 12. cxd5 exd5 13. Bf5 g6 14. Bc2 Qc7 15.
Nb5 Qd8 16. Ba4 a6 17. Bxf6 Nxf6 18. Na7 Rb8 19. Bxe8 Qxe8 20. Qb3 Nd7 21. dxc5
Bxc5 22. Nd4 Nf6 23. Qc2 Ra8 24. Nac6 Bxc6 25. Nxc6 Qxc6 26. b4 Rc8 27. bxc5
bxc5 28. Red1 c4 29. Rb1 Qc7 30. Rb4 Rb8 31. Rdb1 Rxb4 32. Rxb4 Qa5 33. Qb2 Nd7
34. Qd2 Qc5 35. Qc3 Qc6 36. Rb1 Qa4 37. a3 Qc6 38. Rd1 Nf6 39. f3 Qb6 40. Rd2
Qb1+ 41. Kf2 Qf5 42. Ke2 Qe6 43. Rb2 Qd6 44. Kf2 Qe6 45. Qd4 Nd7 46. Rb7 Qc6
47. Qa7 Ne5 48. Qb8+ Kg7 49. Qxe5+ Kh6 50. Rxf7 c3 1-0

[Event "XXXI C.to Italiano femminile"]
[Site "Bratto - Castione della Presolana ITA"]
[Date "2004.08.24"]
[Round "5"]
[White "Brunello, Roberta"]
[Black "Lomakina, Nadya"]
[Result "0-1"]
[WhiteElo "1790"]
[BlackElo "1751"]
[PlyCount "54"]
[EventDate "2004.08.20"]

1. e4 c5 2. Nf3 Nc6 3. d4 cxd4 4. Nxd4 Nf6 5. Nc3 d6 6. Bc4 e6 7. O-O Be7 8.
Be3 O-O 9. Qe2 a6 10. Rad1 Qc7 11. f4 b5 12. Bb3 Bb7 13. Rf3 b4 14. Na4 Nxe4
15. Nxe6 fxe6 16. Bxe6+ Kh8 17. Bb6 Qb8 18. Bd5 Nf6 19. Rg3 Nxd5 20. Rxd5 Rxf4
21. Be3 Ne5 22. Bxf4 Bxd5 23. Bxe5 dxe5 24. Qg4 Bf6 25. Nc5 Qa7 26. Qxb4 Rc8
27. Rc3 e4 0-1

[Event "XXXI C.to Italiano femminile"]
[Site "Bratto - Castione della Presolana ITA"]
[Date "2004.08.24"]
[Round "5"]
[White "Di Blasi, Erica"]
[Black "Brunello, Marina"]
[Result "0-1"]
[WhiteElo "1580"]
[BlackElo "1571"]
[PlyCount "142"]
[EventDate "2004.08.20"]

1. e4 e5 2. Nf3 Nc6 3. Bc4 Bc5 4. Nc3 a6 5. a3 Nf6 6. d3 h6 7. O-O d6 8. h3 O-O
9. Ne2 Nh7 10. Ng3 Nd4 11. Nh2 Qh4 12. Kh1 Ba7 13. c3 Ne6 14. Nf5 Qf6 15. Ng4
Qd8 16. Ngxh6+ Kh8 17. Qg4 gxh6 18. Bxe6 Rg8 19. Nxh6 Bxe6 20. Qxg8+ Qxg8 21.
Nxg8 Rxg8 22. f4 exf4 23. Bxf4 d5 24. Bxc7 dxe4 25. Be5+ f6 26. Bxf6+ Nxf6 27.
Rxf6 Bd5 28. dxe4 Bxe4 29. Rh6+ Kg7 30. Rh4 Bf5 31. Rd1 Kf6 32. Rc4 Rg7 33. Rf1
Ke6 34. Rcf4 Bc2 35. Re1+ Kd6 36. Re2 Bb3 37. Rd2+ Kc7 38. Rf3 Re7 39. Rf1 Bb8
40. Rd4 Bc2 41. Rd2 Bb3 42. Rd4 Bc2 43. Rc4+ Kb6 44. Kg1 Ka7 45. Rc1 Bh7 46. b4
Bg3 47. Rc5 Bf4 48. Rd1 Be3+ 49. Kf1 Bxc5 50. bxc5 Re5 51. c6 Bc2 52. c7 Rc5
53. Rd2 Ba4 54. c4 Rxc7 55. Rd4 Bb3 56. g4 Bxc4+ 57. Kf2 b5 58. g5 Bf7 59. h4
Bh5 60. Rd6 Rg7 61. Kg3 Rg8 62. Kf4 Rf8+ 63. Rf6 Rxf6+ 64. gxf6 a5 65. Kg5 Bf7
66. h5 b4 67. axb4 axb4 68. h6 b3 69. h7 b2 70. h8=Q b1=Q 71. Kh6 Qg6# 0-1